Competencias en la educación superior. Políticas hacia la calidad

Saved in:
Bibliografiske detaljer
Hovedforfatter: Tobón, Sergio (Author)
Format: Bog
Sprog:spansk
Udgivet: Bogotá ECOE 2006
Udgivelse:1a. ed
Serier:Textos Universitarios
Fag:
Tags: Tilføj Tag
Ingen Tags, Vær først til at tagge denne postø!

MARC

LEADER 00000cam a2200000 a 4500
001 UCI3043
003 CL-VaPUC
008 071012e20060000CK |||||||||||||||||spa|d
020 |a 9586484254 
082 0 4 |a 378.16  |b TOB  |2 21 
100 0 |a Tobón, Sergio  |e author  |9 524381 
245 1 0 |a Competencias en la educación superior. Políticas hacia la calidad 
250 |a 1a. ed 
300 |a 220 p 
942 |c BK 
945 |d 20071012 00:00:00  |a rbrito 
260 |a Bogotá  |b ECOE  |c 2006 
650 0 |a Educación superior   |9 223851 
650 0 |a Competencias  |9 341916 
650 0 |a Evaluación por competencias  |9 524371 
650 0 |a Calidad de la educación   |9 307271 
650 0 |a Formación profesional   |9 257232 
651 0 |a Colombia  |9 256424 
583 |a last modification  |c 20121227 03:46:08  |k Rodrigo Vera 
490 0 |a Textos Universitarios 
999 |c 327438  |d 327436 
952 |0 0  |1 0  |4 0  |6 378_160000000000000_TOB_2006  |7 0  |8 A  |9 410266  |a BIBEDU  |b BIBEDU  |d 2019-11-22  |i 437875K  |o 378.16 TOB 2006  |p 437875K  |r 2019-11-22  |w 2019-11-22  |y BK  |k EPE